000 00813nam a22002177a 4500
008 130821s1945 ck gr spa
040 _aCo-BoUCM
_bspa
041 0 0 _aspa
092 _aFM 000039
100 _aGonzalez, Francisco José
_9149325
245 0 0 _aRoma, guión de occidente
_cFrancisco José González, prólogo de Monseñor José Vicente Castro Silva
260 _aBogotá (Colombia)
_bEditorial Pax
_c1945
300 _axi, 198 páginas
500 _aIncluye bibliografía e índice. -- Este libro se encuentra en el depósito de la biblioteca
650 0 4 _aCristianismo
_xHistoria
_956079
650 0 4 _aHistoria
_97695
651 _aRoma (Italia)
_927287
651 _aRoma (Italia)
_xHistoria
_926698
700 _aCastro Silva, José Vicente, Próloguista
_9149326
942 _cLIBRO
_a27
_e1
_n0
999 _c85528
_d85528